Statystyki dla Australia czy Nowa Zelandia

Kliknij tutaj aby rozwiązać quiz!

Ogólne statystyki

  • Ten quiz został rozwiązany 126 razy
  • Średni wynik to 9 z 12

Statystyki odpowiedzi

ZagadnienieOdpowiedź% Poprawnych
Najwyższym szczytem jest Góra KościuszkiAustralia
92%
Jest tam największa populacja wielbłądówAustralia
92%
Najwyższym szczytem jest Góra CookaNowa Zelandia
92%
Kręcono tutaj Hobbita i Władcę PierścieniNowa Zelandia
90%
Narodowym ptakiem jest KiwiNowa Zelandia
86%
U wschodnich wybrzeży znajduje się największa na świecie Rafa KoralowaAustralia
85%
jest największym na świecie eksporterem węgla kamiennegoAustralia
78%
Jako pierwszy kraj na świecie dopuścił do wyborów parlamentarnych kobiety w 1893 rokuNowa Zelandia
74%
w państwie ustalona jest monarchia parlamentarnaAustralia
58%
w państwie ustalona jest monarchia konstytucyjnaNowa Zelandia
57%
Została odkryta w 1642 roku holenderski żeglarz Abel Tasman podczas wyprawyNowa Zelandia
55%
Kto zdobył szybciej medal ma Zimowych Igrzyskach OlimpijskichNowa Zelandia
39%

Rozkład punktacji

Percentyl według liczby udzielonych odpowiedzi

Procent ludzi z każdym wynikiem

Twoja historia wyników

Nie rozwiązałeś tego quizu